000 00745nam a2200229 a 4500
003 MX-MxUPN
005 20240813114441.0
008 991125s1910 sp ad gr 000 0 spa d
035 _aUPN01000009957
040 _aMX-MxUPN
_bspa
_cMX-MxUPN
041 _aspa
050 4 _aQP360
_bZ5.28
100 1 _aZiehen, Th.
_953034
_d1862-1950
_q(Theodor),
245 1 0 _aCompendio de psicología fisiológica :
_ben 15 lecciones
260 _aMadrid :
_bCasa Editorial Bailly-Bailliere,
_c1910.
300 _a393 páginas :
_bilustraciones, gráficas
650 4 _aPsicofisiología
_9452
700 1 _930552
_aLafora, Gonzalo R.
_d1887-1971
_etraducción
_q(Gonzalo Rodríguez),
902 _bMaríaRobles/130824
905 _aLibro
942 _2lcc
_cLIBRO
_n0
999 _c9957
_d9957